Hacia la internacionalización de las normas contables (Registro nro. 11453)

Detalles MARC
000 -LEADER
fixed length control field 00393 a2200133 4500
001 - CONTROL NUMBER
control field ART_6626
005 - DATE AND TIME OF LATEST TRANSACTION
control field 20260410161620.0
008 - FIXED-LENGTH DATA ELEMENTS--GENERAL INFORMATION
fixed length control field 260409a
100 1# - MAIN ENTRY--PERSONAL NAME
Personal name Slosse, Carlos Alberto
245 10 - TITLE STATEMENT
Title Hacia la internacionalización de las normas contables
700 1# - ADDED ENTRY--PERSONAL NAME
Personal name Gamondés, Santiago F.
700 1# - ADDED ENTRY--PERSONAL NAME
Personal name Nigro, Jorge O.
773 0# - HOST ITEM ENTRY
Title Enfoques
Related parts - Nº 9 (sep. 2009)
Record control number REV416

No hay ítems disponibles.